[Event "1st Dragon Capital Vietnam Open"]
[Site "Vung Tau VIE"]
[Date "2008.08.28"]
[Round "3"]
[White "Shanava,K"]
[Black "Dao Thien Hai"]
[Result "0-1"]
[WhiteElo "2522"]
[BlackElo "2489"]

1.e4 c5 2.Nc3 Nc6 3.Nf3 d6 4.d4 cxd4 5.Nxd4 Nf6 6.Bc4 e6 7.Be3 a6 8.Qe2 Qc7
9.O-O-O Be7 10.Bb3 O-O 11.g4 Nd7 12.g5 Nc5 13.h4 b5 14.Kb1 Nxd4 15.Rxd4 Rb8
16.h5 a5 17.g6 Bf6 18.e5 Bxe5 19.h6 fxg6 20.hxg7 Bxg7 21.Rdh4 h5 22.Rxh5 gxh5
23.Qxh5 Rf7 24.Qh7+ Kf8 25.Rg1 Bf6 26.Qh6+ Ke7 27.Rg6 Bxc3 28.bxc3 Qc6 29.Qg5+ Kd7
30.Bxc5 Kc7 31.Bd4 a4 32.Bxe6 Bxe6 33.Rxe6 b4 34.Re7+ Rxe7 35.Qxe7+ Qd7 36.Qxd7+ Kxd7
37.Kb2 bxc3+ 38.Kxc3 a3 39.Be3 Rb1 40.Bg5 d5 41.Bh6 Rb2 42.Bc1 d4+ 43.Kxd4 Rxa2
44.Kc3 Ra1 45.Be3 Rb1  0-1

[Event "1st Dragon Capital Vietnam Open"]
[Site "Vung Tau VIE"]
[Date "2008.08.28"]
[Round "3"]
[White "Hoang Canh Huan"]
[Black "Doan Van Duc"]
[Result "1/2-1/2"]
[WhiteElo "2339"]
[BlackElo "2160"]

1.e4 c5 2.Nc3 Nc6 3.Bb5 d6 4.d4 cxd4 5.Qxd4 Bd7 6.Bxc6 Bxc6 7.Bg5 Nf6 8.O-O-O Qa5
9.Nf3 h6 10.Bxf6 gxf6 11.Kb1 Rg8 12.Nh4 Qc5 13.Qxc5 dxc5 14.Nd5 O-O-O 15.g3 Bxd5
16.exd5 e6 17.c4 exd5 18.Rxd5 Rxd5 19.cxd5 Rg5 20.Rd1 Re5 21.Rd2 Kd7 22.f4 Re1+
23.Kc2 b5 24.Nf5 h5 25.d6 Re6 26.Rd5 Bxd6 27.Nxd6 Rxd6 28.Rxh5 Kc6 29.Rf5 Re6
30.h4 c4 31.a3 Re2+ 32.Kc1 Rg2 33.Rxf6+ Kc5 34.Rf5+ Kd4 35.Rxb5 Rxg3 36.Rb7 f5
37.Rxa7 Rg4 38.h5 Rxf4 39.h6 Rh4 40.h7 f4 41.Kd2 Rh2+ 42.Kd1 f3 43.Re7 c3
44.bxc3+ Kxc3 45.Rb7 Kd3 46.Rd7+ Ke3 47.Re7+ Kd4 48.a4 f2 49.Kc1 Kc4 50.Rb7  1/2-1/2

[Event "XLII Open"]
[Site "Mislata ESP"]
[Date "2008.08.29"]
[Round "6"]
[White "Alonso Moyano,J"]
[Black "Torres Sanchez,J"]
[Result "1/2-1/2"]
[WhiteElo "2372"]
[BlackElo "2264"]

1.e4 c5 2.Nc3 Nc6 3.Bb5 Nd4 4.Bc4 e6 5.Nge2 Ne7 6.O-O Nec6 7.d3 Be7 8.f4 O-O
9.a3 a6 10.Nxd4 cxd4 11.Ne2 b5 12.Ba2 Bb7 13.Ng3 Kh8 14.f5 Ne5 15.Qh5 Bf6
16.Bf4 g6 17.Qh3 g5 18.Bd2 Rg8 19.Nh5 g4 20.Qg3 Nf3+ 21.Kh1 Nxd2 22.fxe6 Nxf1
23.Rxf1 fxe6 24.Nxf6 Rg6 25.Qe5 d6 26.Qxe6 Qf8 27.Kg1 Qh6 28.Qxd6 Rf8 29.e5 g3
30.hxg3 Rxg3 31.Bd5 Bxd5 32.Qxd5 Qe3+ 33.Rf2 Qe1+ 34.Rf1 Qe3+ 35.Rf2  1/2-1/2

[Event "8th Open"]
[Site "Velika Gorica CRO"]
[Date "2008.08.29"]
[Round "8"]
[White "Levar,N"]
[Black "Frank,V"]
[Result "1/2-1/2"]
[WhiteElo "2174"]
[BlackElo "2268"]

1.e4 c5 2.Nf3 Nc6 3.Nc3 Nf6 4.d4 cxd4 5.Nxd4 d6 6.Be2 Bd7 7.O-O e6 8.Be3 Be7
9.Kh1 O-O 10.f4 Nxd4 11.Bxd4 Bc6 12.Bd3 a6 13.a4 g6 14.Qe1 b5 15.e5 dxe5
16.Bxe5 b4 17.Ne2 Qd5 18.Qg3 Nh5 19.Qh3 Rfd8 20.b3 Qd7 21.Rae1 Qb7 22.Ng3 Nxg3+
23.hxg3 Bf8 24.g4 f5 25.Re3 Rac8 26.Rfe1 Rxd3 27.cxd3 Bd5 28.d4 Rc2 29.Rg3 Be4
30.gxf5 exf5 31.Rg1 Qc6 32.Qh4 Rc3 33.d5 Bxd5 34.Bxc3 bxc3 35.Qh3 Bg7 36.Rc1 c2
37.Rd3 Be4 38.Rd8+ Kf7 39.Qxh7 Bxg2+ 40.Kh2 Be4 41.Qg8+ Kf6 42.Rc8 Qd6 43.Qd8+ Qxd8
44.Rxd8 Bh6 45.Kg3 g5 46.Rd6+ Kg7 47.Rxh6 Kxh6 48.fxg5+ Kxg5 49.b4 f4+ 50.Kf2 Kf5
51.b5 axb5 52.axb5 Ke5 53.b6 Kd6 54.Ke2 Kc6 55.Kd2 Kxb6 56.Re1 Bd5 57.Kxc2 Kc5
58.Kd3 f3 59.Ke3  1/2-1/2

[Event "XXV Open"]
[Site "Collado Villalba ESP"]
[Date "2008.08.30"]
[Round "9"]
[White "Guerra Bastida,D"]
[Black "Pogorelov,R"]
[Result "0-1"]
[WhiteElo "2402"]
[BlackElo "2459"]

1.e4 c5 2.Nc3 Nc6 3.Bb5 Nd4 4.Nf3 g6 5.Nxd4 cxd4 6.Ne2 Bg7 7.O-O Nf6 8.d3 O-O
9.Ba4 d5 10.e5 Nd7 11.Bxd7 Bxd7 12.Bf4 Qb6 13.Qd2 Rac8 14.c3 dxc3 15.Nxc3 d4
16.Ne4 Qb5 17.Bg5 Rfe8 18.f4 Bf5 19.Rfe1 Rc6 20.Qf2 Qxd3 21.Rad1 Qa6 22.Qxd4 h6
23.Bxe7 Rxe7 24.Qd8+ Bf8 25.Nf6+ Rxf6 26.exf6 Qxf6 27.Rxe7 Qxe7 28.Qxe7 Bxe7
29.Kf2 Kf8 30.Rc1 Bd6 31.Kf3 h5 32.h3 h4 33.a3 a5 34.Rd1 Ke7 35.Rd4 Kd7 36.Rc4 b5
37.Rc1 a4 38.Rc3 Be7 39.b4 Be6 40.g4 hxg3 41.Kxg3 Bc4 42.f5 Bf6 43.Rc2 gxf5
44.h4 Be5+ 45.Kf2 Ke6 46.Rd2 Kf6 47.Kf3 Kg6 48.Rg2+ Kh5 49.Rg5+ Kxh4 50.Rxf5 Bb2  0-1

[Event "ch-POR"]
[Site "Almada POR"]
[Date "2008.08.31"]
[Round "4"]
[White "Fernando,D"]
[Black "Vitor,A"]
[Result "1-0"]
[WhiteElo "2449"]
[BlackElo "2375"]

1.e4 c5 2.Nf3 Nc6 3.Nc3 g6 4.d4 cxd4 5.Nxd4 Bg7 6.Be3 Nf6 7.Bc4 O-O 8.Bb3 a5
9.O-O Nxd4 10.Bxd4 d6 11.Re1 Bd7 12.a4 Bc6 13.Nd5 Nd7 14.Bxg7 Kxg7 15.Bc4 Nc5
16.b3 e5 17.Re3 f5 18.exf5 Rxf5 19.Qd2 Qg5 20.f4 exf4 21.h4 Qd8 22.Re7+ Kh6
23.g4 Bxd5 24.g5+ Kh5 25.Rxh7+ Kg4 26.Bxd5 Rf8 27.Qg2+ Kf5 28.Re1  1-0

[Event "6th Master Open"]
[Site "Amantea ITA"]
[Date "2008.08.31"]
[Round "1"]
[White "Shytaj,L"]
[Black "Duggan,C"]
[Result "1-0"]
[WhiteElo "2467"]
[BlackElo "2050"]

1.e4 c5 2.Nf3 Nc6 3.Nc3 d6 4.d4 cxd4 5.Nxd4 e5 6.Nde2 Be6 7.g3 Rc8 8.Bg2 Be7
9.O-O h5 10.h3 Qd7 11.Kh2 Nh6 12.Nd5 h4 13.g4 f6 14.Nec3 Nf7 15.Be3 Nfd8
16.Qd2 g5 17.Rfd1 Bxd5 18.exd5 Na5 19.b3 b6 20.Qd3 Kf7 21.Be4 Qc7 22.Nb5 Qb7
23.Bf5 a6 24.Bxc8 Qxc8 25.Bxb6 Nab7 26.Nc3 Nc5 27.Bxc5 Qxc5 28.Ne4  1-0

[Event "Masters"]
[Site "Trieste ITA"]
[Date "2008.09.01"]
[Round "3"]
[White "Fierro Baquero,M"]
[Black "Kragelj,I"]
[Result "0-1"]
[WhiteElo "2379"]
[BlackElo "2228"]

1.e4 c5 2.Nc3 Nc6 3.Bb5 Nd4 4.Bc4 e6 5.Nge2 Nf6 6.O-O b5 7.Nxb5 Nxb5 8.Bxb5 Nxe4
9.d4 Be7 10.Qd3 Bb7 11.Be3 cxd4 12.Bxd4 O-O 13.Ng3 Nf6 14.c3 d6 15.Rfe1 Qc7
16.Ba4 Rfd8 17.Rad1 g6 18.c4 e5 19.Bc3 Rac8 20.b3 Ba8 21.f3 Bb7 22.Kh1 Ba8
23.Qd2 Qb7 24.Ba5 Rf8 25.Qb4 Kg7 26.Qxb7 Bxb7 27.Bb4 Rfd8 28.Rd2 h5 29.h3 Bc6
30.Bxc6 Rxc6 31.Red1 Kf8 32.Ne2 Ke8 33.Nc3 a6 34.Nd5 Nxd5 35.Rxd5 f5 36.Ba3 Rb6
37.g3 Rc6 38.Kg2 Rb6 39.Kf1 Rc6 40.Bb4 Kf7 41.Ba3 Ke8 42.Kf2 Rb6 43.f4 exf4
44.gxf4 Rc6 45.Kf3 Rb6 46.Re1 Kf7 47.Red1 Ke8 48.R5d3 Rc6 49.R1d2 Rb6 50.Re2 Kf7
51.c5 Rc6 52.Red2 Ke6 53.Re2+ Kf7 54.Red2 Ke6 55.Kg3 d5 56.Re2+ Kf7 57.b4 Bf6
58.Kf3 d4 59.Bb2 Rb8 60.Ba3 Rb5 61.Rc2 Ke6 62.Re2+ Kd5 63.Re8 Kc4 64.Ke2 a5
65.bxa5 Rxa5 66.Rb8 Ra4 67.Rb6 Ra6 68.Rdb3 Be7 69.R6b4+ Kd5  0-1

[Event "1st Dragon Capital Vietnam Open"]
[Site "Vung Tau VIE"]
[Date "2008.09.01"]
[Round "9"]
[White "Hoang Canh Huan"]
[Black "Nguyen Quynh Anh"]
[Result "1-0"]
[WhiteElo "2339"]
[BlackElo "2098"]

1.e4 c5 2.Nc3 Nc6 3.Bb5 Nd4 4.Nf3 g6 5.Bc4 Bg7 6.Nxd4 cxd4 7.Qf3 Nh6 8.Ne2 O-O
9.h3 e6 10.d3 b5 11.Bb3 Qb6 12.Qg3 f5 13.Qh4 Nf7 14.exf5 exf5 15.O-O Bb7
16.Bh6 Bf6 17.Bg5 Be5 18.Rae1 d5 19.Nf4 Bxf4 20.Bxf4 Rae8 21.Re7 a5 22.Rfe1 Rxe7
23.Qxe7 a4 24.Re6 Qa5 25.Qxb7 axb3 26.axb3 Qa1+ 27.Kh2 Nd8 28.Qa6 Qxa6 29.Rxa6 Re8
30.Ra8 Kf7 31.Ra7+ Kf6 32.Bd6 Re2 33.c3 Ne6 34.f4 g5 35.fxg5+ Nxg5 36.cxd4 Nf3+
37.Kg3 Nxd4 38.Bb4 Nxb3 39.Rb7 Re3+ 40.Kf4 Rxd3 41.Rb6+ Kf7 42.Kxf5 Nd4+
43.Ke5 Nc2 44.Bc5 Rb3 45.Kf5 d4 46.Rd6 Ne3+ 47.Ke4 Nxg2 48.Bxd4 Rxh3 49.b4 Rh4+
50.Kd5 Nf4+ 51.Kc6 Ne6 52.Bc5 Nxc5 53.bxc5 b4 54.Kd7 b3 55.Rb6 Rd4+ 56.Kc8 Rc4
57.c6 b2 58.c7 Ke7 59.Rxb2  1-0

[Event "SuperLiga-ROM"]
[Site "Eforie Nord ROM"]
[Date "2008.09.02"]
[Round "2"]
[White "Duca,A"]
[Black "Istratescu,C"]
[Result "1-0"]
[WhiteElo "2059"]
[BlackElo "1820"]

1.e4 c5 2.Nf3 Nc6 3.Nc3 g6 4.Bc4 Bg7 5.d3 d6 6.h3 Nf6 7.Be3 O-O 8.Qd2 Re8
9.Bh6 Bh8 10.a3 a6 11.O-O e6 12.Ba2 d5 13.exd5 exd5 14.Rfe1 Be6 15.Ng5 Qd6
16.Ne2 Rad8 17.Ng3 b5 18.Rad1 Nd4 19.Nxe6 Nxe6 20.c3 Qc7 21.d4 cxd4 22.cxd4 Qd6
23.Bb3 Nd7 24.Ne2 Nb6 25.Bf4 Qd7 26.Be5 f6 27.Bg3 Ng5 28.Nc3 Nc4 29.Bxc4 dxc4
30.Rxe8+ Rxe8 31.d5 Bg7 32.d6 Bf8 33.Nd5 Kg7 34.Qf4 Re6 35.Nc7 Re4 36.Qd2 Ne6
37.f3 Nxc7 38.dxc7 Qxd2 39.Rxd2 Bc5+ 40.Kh2 Re8 41.Rd8  1-0

[Event "Autumn-1"]
[Site "Alushta UKR"]
[Date "2008.09.03"]
[Round "2"]
[White "Harutjunyan,G"]
[Black "Milutin,R"]
[Result "1-0"]
[WhiteElo "2441"]
[BlackElo "2244"]

1.e4 c5 2.Nc3 Nc6 3.Bb5 g6 4.Bxc6 dxc6 5.d3 Bg7 6.Be3 b6 7.Qd2 e5 8.Nge2 Ne7
9.Bh6 O-O 10.h4 f5 11.Bxg7 Kxg7 12.f4 fxe4 13.Nxe4 Bf5 14.Ng5 Nd5 15.fxe5 h6
16.Nf3 Bg4 17.Neg1 Nf4 18.O-O-O Qd5 19.Kb1 Rad8 20.Rf1 c4 21.d4 c5 22.c3 cxd4
23.cxd4 Bf5+ 24.Ka1 Bd3 25.Rc1 b5 26.Rh2 a5 27.Qe3 Qe6 28.Ne1 Nd5 29.Qd2 Be4
30.Ngf3 Rc8 31.Rh3 b4 32.Rg3 c3 33.bxc3 bxc3 34.Qe2 Nb4 35.Nh2 Qd5 36.Ng4 c2
37.Rb3 Qxd4+ 38.Rb2 a4 39.Qe3 Qc4 40.Qxh6+ Kf7 41.Qd2 Nd3 42.Nxd3 Bxd3 43.e6+ Ke8
44.Ne5 Qxe6 45.Nxd3 a3 46.Rb5 Rf5 47.Re1 c1=Q+ 48.Nxc1 Rxc1+ 49.Qxc1  1-0

[Event "6th Master Open"]
[Site "Amantea ITA"]
[Date "2008.09.03"]
[Round "4"]
[White "Shaw,D"]
[Black "Duggan,C"]
[Result "1-0"]
[WhiteElo "2269"]
[BlackElo "2050"]

1.e4 c5 2.Nf3 Nc6 3.Nc3 g6 4.d4 cxd4 5.Nxd4 Bg7 6.Be3 Nf6 7.Bc4 O-O 8.f3 Qb6
9.Bb3 Nxe4 10.Nd5 Qa5+ 11.c3 Nxd4 12.Nxe7+ Kh8 13.Bxd4 Nf6 14.O-O d5 15.Nxc8 Raxc8
16.Re1 Kg8 17.Re7 Rc7 18.Qe2 Rxe7 19.Qxe7 Re8 20.Qxb7 Re2 21.Qa8+ Ne8 22.Qxd5 Bxd4+  1-0

[Event "Open A"]
[Site "Graz SUI"]
[Date "2008.09.03"]
[Round "5"]
[White "Aschenbrenner,R"]
[Black "Teuschler,A"]
[Result "1-0"]
[WhiteElo "2278"]
[BlackElo "2072"]

1.e4 c5 2.Nc3 Nc6 3.Bb5 Nd4 4.Bc4 e6 5.Nge2 Ne7 6.O-O d5 7.exd5 exd5 8.Nxd5 Nxd5
9.Nxd4 cxd4 10.Qh5 Be6 11.Re1 Be7 12.Rxe6 O-O 13.Bxd5 fxe6 14.Bxe6+ Kh8 15.Bf5 g6
16.Bxg6 Kg7 17.Qxh7+ Kf6 18.d3 Qd5 19.h4  1-0

[Event "TCh-SRB 1st League"]
[Site "Subotica SRB"]
[Date "2008.09.03"]
[Round "3"]
[White "Marinkovic,I"]
[Black "Zakic,Sr"]
[Result "1/2-1/2"]
[WhiteElo "2453"]
[BlackElo "2357"]

1.e4 c5 2.Nf3 Nc6 3.Nc3 Nf6 4.g3 e5 5.Bg2 Be7 6.d3 d6 7.O-O O-O 8.h3 h6 9.Nd2 Nd4
10.Nc4 b5 11.Ne3 Be6 12.f4 b4 13.f5 bxc3 14.fxe6 fxe6 15.bxc3 Nc6 16.h4 Qe8
17.Bh3 Nd8 18.c4 Qg6 19.Kh2 Rb8 20.Bd2 Nh5 21.Rxf8+ Bxf8 22.Be1 Be7 23.Rb1 Rxb1
24.Qxb1 Qf7 25.Bg4 Nf6 26.Bh3 Nh5 27.Bg4 Nf6 28.Be2 Nc6 29.c3 Bd8 30.Qb5 Qc7
31.Bd1 Ne7 32.Ng4 Nxg4+ 33.Bxg4 Kf7 34.Bd2 Ng8 35.Be3 Nf6 36.Bf3 Qa5 37.Qb7+ Qc7
38.Qb3 Qb6 39.Kg2 Bc7 40.Kf2 Bd8 41.Ke2 Kg8 42.Kd2 Kf7 43.Kc2 Kg8 44.Qb5 a6
45.Qa4 Kf7 46.Bc1 Kg8 47.Ba3 Kf7 48.Qb3 Kg8 49.Bc1 Kf7 50.Be3 Kg8 51.Kd2 Kf7
52.Bg1 Kg8 53.Bd1 Qc7 54.Be3 Kf7 55.Qa4 Qb7 56.Kc1 Qb6 57.Qb3 Qc7 58.Qb2 Kg8
59.Qa3 Qb6 60.Qb3 Qc7 61.Kd2 Kf7 62.Bf3 Nd7 63.Bh5+ Kg8 64.Qd1 Nf6 65.Bg6 Qa5
66.Qb3 Qb6 67.Ke2  1/2-1/2

[Event "TCh-SRB 1st League"]
[Site "Subotica SRB"]
[Date "2008.09.03"]
[Round "3"]
[White "Marinkovic,Sl"]
[Black "Simic,R"]
[Result "1-0"]
[WhiteElo "2380"]
[BlackElo "2384"]

1.e4 c5 2.Nc3 Nc6 3.Nf3 e5 4.Bc4 Be7 5.d3 d6 6.O-O Nf6 7.Ng5 O-O 8.f4 h6
9.Nf3 exf4 10.Bxf4 Be6 11.Nd5 Bxd5 12.Bxd5 Nxd5 13.exd5 Ne5 14.Bxe5 dxe5
15.c4 Bd6 16.g4 g6 17.Qd2 Kh7 18.g5 Qd7 19.Rae1 Rae8 20.Re4 Kg7 21.gxh6+ Kh8
22.Ng5 f6 23.Ne6 Rxe6 24.dxe6 Qxe6 25.Qg2 Kh7 26.Rg4 f5 27.Qxb7+ Rf7 28.Qf3 Rd7
29.Rg2 Bf8 30.h4 Rf7 31.h5 gxh5 32.Qxh5 Bxh6 33.Rg5 f4 34.Rxe5 Qf6 35.Rf3 Rf8
36.Rh3 Rg8+ 37.Kf1 Rg6 38.Qf5 Qg7 39.Re6 a5 40.a4  1-0

[Event "TCh-SRB 1st League"]
[Site "Subotica SRB"]
[Date "2008.09.03"]
[Round "3"]
[White "Klasan,V"]
[Black "Roganovic,Milo"]
[Result "0-1"]
[WhiteElo "2330"]
[BlackElo "2393"]

1.e4 c5 2.Nf3 Nc6 3.Nc3 e6 4.Bb5 Nd4 5.Bd3 Ne7 6.b3 Nec6 7.Nxd4 cxd4 8.Ne2 Ne5
9.Bb2 Nxd3+ 10.cxd3 e5 11.Ng3 d6 12.O-O Be7 13.f4 O-O 14.Ba3 f6 15.fxe5 dxe5
16.Bxe7 Qxe7 17.Qf3 Qb4 18.Rfc1 Qxd2 19.Rc7 Be6 20.Nf5 Rf7 21.Rxf7 Kxf7 22.Rf1 Bxf5
23.exf5 Qb4 24.Qd5+ Kf8 25.Rc1 Qe7 26.Qa5 b6 27.Qb5 Rd8 28.Rc6 Qd7 29.Qb4+ Kg8
30.Re6 Qc7 31.h3 Qc1+ 32.Kh2 Qf4+ 33.Kg1 Rc8  0-1

[Event "2nd Circuit Europe-Echecs"]
[Site "Chalons FRA"]
[Date "2008.09.04"]
[Round "2"]
[White "Guilleux,F"]
[Black "Cossin,S"]
[Result "0-1"]
[WhiteElo "2397"]
[BlackElo "2466"]

1.e4 c5 2.Nc3 Nc6 3.Nf3 e5 4.Bc4 Be7 5.d3 Nf6 6.Ng5 O-O 7.f4 d6 8.O-O Bg4
9.Qe1 Nd4 10.Qf2 h6 11.Nf3 Nxf3+ 12.gxf3 Bh3 13.Rd1 Nh5 14.fxe5 Bh4 15.Qe3 dxe5
16.Nd5 Kh8 17.Kh1 f5 18.Rg1 fxe4 19.fxe4 Qd7 20.Qe2 Nf6 21.Nxf6 Rxf6 22.Be3 b6
23.Qh5 Bf2 24.Bxf2 Rxf2 25.Rg6 Raf8 26.Rag1 Rf1  0-1

[Event "5th LGA Premium Cup"]
[Site "Nuernberg GER"]
[Date "2008.09.04"]
[Round "1"]
[White "Suess,S"]
[Black "Heidrich,Man"]
[Result "0-1"]
[WhiteElo "1985"]
[BlackElo "2395"]

1.e4 c5 2.Nc3 Nc6 3.Nf3 e5 4.Bc4 Be7 5.O-O d6 6.d3 Nf6 7.a3 O-O 8.Nd5 Be6
9.c3 Na5 10.Nxf6+ Bxf6 11.Bd5 Bxd5 12.exd5 c4 13.Rb1 b5 14.d4 Re8 15.Re1 Qd7
16.Bg5 Bxg5 17.Nxg5 Qf5 18.Ne4 Qg6 19.Ng3 exd4 20.Qxd4 h6 21.Qf4 Re5 22.Re4 Rxd5
23.Rbe1 Nb3 24.h4 Nc5 25.Re8+ Rxe8 26.Rxe8+ Kh7 27.Qf3 Rd2 28.h5 Qf6 29.Nf5 d5
30.Nd6 Qxf3 31.gxf3 g6 32.Re7 gxh5 33.Rxf7+ Kg6 34.Rc7 Nd3 35.Nxb5 Rxb2 36.Nd4 Nxf2
37.Rc6+ Kg5 38.Ne6+ Kh4 39.Nf4 Nh3+ 40.Nxh3 Kxh3 41.Rg6 d4  0-1

[Event "17th CRO-chT 1b"]
[Site "Sibenik CRO"]
[Date "2008.09.04"]
[Round "8"]
[White "Plenkovic,Z"]
[Black "Novak,Danij"]
[Result "1-0"]
[WhiteElo "2346"]
[BlackElo "2374"]

1.e4 c5 2.Nf3 Nc6 3.Nc3 d6 4.Bb5 Bd7 5.O-O e5 6.d3 Bg4 7.Nd5 a6 8.Bxc6+ bxc6
9.Ne3 Bh5 10.Nf5 g6 11.Ng3 Bxf3 12.Qxf3 Bg7 13.Qe2 h5 14.Rb1 h4 15.Nh1 Rb8
16.f4 exf4 17.Bxf4 Qe7 18.c3 Nf6 19.Nf2 Nh5 20.Nh3 Nxf4 21.Nxf4 O-O 22.Qc2 Qe5
23.Rf2 Bh6 24.Rbf1 Kg7 25.Qe2 d5 26.Qg4 Bxf4 27.Rxf4 Qe7 28.b3 c4 29.bxc4 dxc4
30.d4 Rb2 31.e5 c5 32.Rf6 h3 33.gxh3 cxd4 34.Qxd4 Qb7 35.R1f3 Rb1+ 36.Kg2 Rb2+
37.Kg3 Qc7 38.Rd6 Kg8 39.Qd5 Re2 40.Rxg6+ Kh7 41.Rg5 f6 42.Qd6 Qxd6 43.exd6 fxg5
44.Rxf8 Rd2 45.Rc8 Rxd6 46.Rxc4 Rd5 47.a4 Kg6 48.Kg4 Ra5 49.h4 gxh4 50.Kxh4 Kf6
51.Kg4 Kg6 52.h4 Kf6 53.Kf4 Ke6 54.Ke4 Kd6 55.Kd3 Rh5 56.Rg4 Kc6 57.Rd4 Kb6
58.Rc4  1-0

[Event "TCh-SRB 1st League"]
[Site "Subotica SRB"]
[Date "2008.09.04"]
[Round "4"]
[White "Marinkovic,I"]
[Black "Rajkovic,Du"]
[Result "1/2-1/2"]
[WhiteElo "2453"]
[BlackElo "2476"]

1.e4 c5 2.Nf3 Nc6 3.Nc3 e6 4.g3 Nf6 5.d4 d5 6.exd5 Nxd5 7.Bg2 Nxc3 8.bxc3 Qa5
9.O-O Be7 10.Qd3 O-O 11.Bg5 cxd4 12.Bxe7 Nxe7 13.cxd4 Bd7 14.Ne5  1/2-1/2

[Event "Autumn-1"]
[Site "Alushta UKR"]
[Date "2008.09.05"]
[Round "4"]
[White "Simonian,H"]
[Black "Iljin,T"]
[Result "1/2-1/2"]
[WhiteElo "2452"]
[BlackElo "2408"]

1.e4 c5 2.Nc3 Nc6 3.Bb5 Nd4 4.Bc4 Nf6 5.Nge2 e6 6.O-O b5 7.Nxb5 Nxb5 8.Bxb5 Nxe4
9.d4 Bb7 10.Ng3 Nf6 11.c4 a6 12.Ba4 cxd4 13.Qxd4 Qa5 14.b3 Bc5 15.Qd3 O-O
16.Bb2 Qd8 17.b4 Be7 18.Bc2 g6 19.c5 a5 20.a3 Nd5 21.Ne4 f6 22.Qd2 Bc6 23.Rfb1 axb4
24.axb4 Rxa1 25.Bxa1 Qa8  1/2-1/2

[Event "TCh-ESP Hon Gp1"]
[Site "Cala Mayor ESP"]
[Date "2008.09.05"]
[Round "3"]
[White "Salgado Lopez,I"]
[Black "San Segundo Carrillo,P"]
[Result "1/2-1/2"]
[WhiteElo "2532"]
[BlackElo "2560"]

1.e4 c5 2.Nf3 Nc6 3.Nc3 Nf6 4.Bb5 g6 5.e5 Ng4 6.Bxc6 dxc6 7.h3 Nh6 8.g4 Bg7
9.d3 O-O 10.Be3 f5 11.exf6 exf6 12.Qd2 Nf7 13.Bxc5 Re8+ 14.Be3 f5 15.gxf5 Bxf5
16.O-O-O c5  1/2-1/2

[Event "Open"]
[Site "Herzliya ISR"]
[Date "2008.09.05"]
[Round "4"]
[White "Lurie,M"]
[Black "Golberg,I"]
[Result "1-0"]
[WhiteElo "2337"]
[BlackElo "2207"]

1.e4 c5 2.Nf3 Nc6 3.Nc3 e5 4.Bc4 Be7 5.d3 d6 6.O-O Bg4 7.h3 Bh5 8.Nd5 Nf6
9.c3 Nd7 10.a4 Nf8 11.Ne3 Ne6 12.Nf5 Bf6 13.Be3 Rb8 14.Kh2 h6 15.Rg1 g5 16.Bd5 g4
17.Ng3 Bg6 18.Bxe6 fxe6 19.hxg4 Bg5 20.Rh1 Bxe3 21.fxe3 b6 22.Kg1 Rb7 23.Qe2 Rg7
24.Rf1 Kd7 25.d4 Kc7 26.b4 Be8 27.g5 Rhh7 28.d5 exd5 29.exd5 Ne7 30.bxc5 bxc5
31.Qa6 Qb8 32.Ne4 Nf5 33.Nfd2 Bd7 34.Rxf5 Bxf5 35.Qxd6+  1-0

[Event "7th Open"]
[Site "Izmir TUR"]
[Date "2008.09.05"]
[Round "8"]
[White "Odeev,H"]
[Black "Akcan,U"]
[Result "1/2-1/2"]
[WhiteElo "2422"]
[BlackElo "2153"]

1.e4 c5 2.Nf3 Nc6 3.Nc3 g6 4.Bb5 Bg7 5.O-O d6 6.Nd5 Nf6 7.Nxf6+ Bxf6 8.c3 O-O
9.d3 Bg4 10.h3 Bxf3 11.Qxf3 Ne5 12.Qd1 a6 13.Ba4 c4 14.Bh6 Nxd3 15.Bxf8 Nxb2
16.Qc2 Nxa4 17.Qxa4 Qxf8 18.Qxc4 Qc8 19.Qb3 Qc6 20.Rfe1 Rc8 21.a4 Bxc3 22.Rac1 b5
23.axb5 Ra8 24.Qd1 Ba1 25.Rxa1  1/2-1/2

[Event "5th LGA Premium Cup"]
[Site "Nuernberg GER"]
[Date "2008.09.05"]
[Round "2"]
[White "Bachmann,Ax"]
[Black "Hirn,O"]
[Result "1-0"]
[WhiteElo "2511"]
[BlackElo "2214"]

1.e4 c5 2.Nc3 Nc6 3.Bb5 g6 4.Bxc6 bxc6 5.d3 Bg7 6.f4 Rb8 7.Nf3 Nf6 8.O-O O-O
9.e5 Nd5 10.Ne4 d6 11.c4 Nc7 12.h3 Ne6 13.Rb1 Nd4 14.Nxd4 cxd4 15.Qa4 dxe5
16.fxe5 Bxe5 17.Bh6 Re8 18.Qxa7 f5 19.Nd2 Bc7 20.Bf4 e5 21.Bh2 Rb7 22.Qc5 Bd7
23.Nf3 Qb8 24.Kh1 Bd6 25.Qa5 c5 26.Qd2 Bc6 27.b4 cxb4 28.c5 Bxf3 29.cxd6 Bd5
30.d7 Rxd7 31.Rxb4 Qa8 32.Re1 f4 33.Kg1 Ra7 34.Rb2 g5 35.Ra1 h5 36.Qe2 g4
37.hxg4 Rg7 38.Rf1 hxg4 39.g3 f3 40.Qd2 Qd8 41.Re1 Rf8 42.Kf2 Qd6 43.Bg1 Ra8
44.Rc2 Kh7 45.Kf1 Ra3 46.Qh2+ Kg6 47.Qh4 Qe6 48.Bxd4 Qf5  1-0

[Event "TCh-SRB 1st League"]
[Site "Subotica SRB"]
[Date "2008.09.05"]
[Round "5"]
[White "Djuric,S"]
[Black "Miladinovic,I"]
[Result "0-1"]
[WhiteElo "2462"]
[BlackElo "2571"]

1.e4 c5 2.Nf3 Nc6 3.Nc3 e6 4.Be2 a6 5.O-O Nf6 6.Re1 Bd6 7.d4 cxd4 8.Nxd4 Nxd4
9.Qxd4 Qc7 10.g3 b5 11.Bf3 Be5 12.Qd3 Bb7 13.Bg5 Rc8 14.Bxf6 gxf6 15.Rad1 b4
16.Ne2 Bxb2 17.Qd2 a5 18.Qh6 Qe5 19.h4 Rxc2 20.Nf4 Bd4 21.Re2 Rxe2 22.Nxe2 Bc5
23.Qg7 Rf8 24.Nf4 Qc3 25.Be2 Bc6 26.Nd3 Bd4 27.Kf1 Ke7 28.Qh6 Bxe4 29.Qf4 Bd5
30.Rc1 Be5 31.Qh6 Qd4 32.Ne1 a4 33.Rd1 Qb6 34.Nd3 Bd6 35.Qxh7 Bxa2 36.h5 Qc6
37.Kg1 Qc2 38.Qe4 Bd5 39.Qe3 b3 40.Rc1 Qa2 41.Nf4 b2 42.Nxd5+ Qxd5 43.Rf1 a3
44.Bf3 Qb5  0-1

[Event "1st Women It"]
[Site "Tashkent UZB"]
[Date "2008.09.05"]
[Round "1"]
[White "Sabirova,O"]
[Black "Dauletova,G"]
[Result "1/2-1/2"]
[WhiteElo "2185"]
[BlackElo "2267"]

1.e4 c5 2.Nc3 Nc6 3.Bb5 Nd4 4.Bc4 e6 5.Nge2 Nf6 6.O-O a6 7.a4 d6 8.d3 Be7
9.Nxd4 cxd4 10.Ne2 Qb6 11.a5 Qc5 12.c3 dxc3 13.Be3 Qc7 14.Bb6 Qb8 15.Nxc3 O-O
16.Qb3 Bd8 17.Bxd8 Rxd8 18.f4 Qa7+ 19.Kh1 Qd4 20.Qb6 Qxb6 21.axb6 d5 22.Ba2 dxe4
23.dxe4 Bd7 24.e5 Ng4 25.h3 Ne3 26.Rf3 Nc2 27.Rd1 Bc6 28.Rfd3 Rxd3 29.Rxd3 Bxg2+
30.Kh2 Bc6 31.Rd6 Ne3 32.Bb3 Rc8 33.Rd3 Nf5 34.Na4 Bb5 35.Rc3 Rd8 36.Rc7 Bc6
37.Nc5 Bf3 38.Rd7 Rxd7 39.Nxd7 Ne7 40.Bc4 Nc8 41.f5 Bc6 42.fxe6 fxe6 43.Bxe6+ Kh8
44.Nb8 Nxb6 45.Nxc6 bxc6 46.Kg3 g6 47.Kf4 Kg7 48.Ke4 c5 49.Bb3 Kf8 50.Be6 Ke7
51.Bg8 h6 52.b3 g5 53.Kf5 a5 54.Kg6 c4 55.bxc4 Nd7 56.c5 Nxc5 57.Kxh6 Nd3  1/2-1/2

[Event "Masters"]
[Site "Trieste ITA"]
[Date "2008.09.05"]
[Round "7"]
[White "Mogranzini,R"]
[Black "Srebrnic,M"]
[Result "1-0"]
[WhiteElo "2423"]
[BlackElo "2313"]

1.e4 c5 2.Nf3 Nc6 3.Nc3 e5 4.Bc4 Be7 5.d3 Nf6 6.Ng5 O-O 7.f4 exf4 8.Bxf4 d6
9.O-O Bg4 10.Qd2 Nd4 11.Be3 h6 12.Nf3 Nxf3+ 13.gxf3 Be6 14.Bxe6 fxe6 15.Kh1 Qe8
16.Rg1 Kh7 17.Qg2 Nh5 18.Raf1 Rf6 19.f4 Rg6 20.Qh3 Rxg1+ 21.Bxg1 Qf7 22.f5 Rf8
23.Rf2 exf5 24.Rxf5 Nf6 25.Nd5 Qe6 26.Nf4 Qf7 27.Be3 Qxa2 28.Qg2 Qf7 29.Qh3 b5
30.Nd5 Qe6 31.Nf4 Qf7 32.Nd5 Bd8 33.Bg5 Qd7 34.Bxf6 Bxf6 35.Qf3 Qe6 36.Kg2 Kg8
37.Qg4 Kh7 38.Qf3 Rf7 39.c3 Kg8 40.Nf4 Qd7 41.Nd5 Be5 42.Ne3 g6 43.Rxf7 Qxf7
44.Qg4 Kh7 45.Nd5 h5 46.Qc8 b4 47.h3 Kh6 48.Qd8 Kg7 49.Qc8 Kh6 50.Qd8 a6
51.Qa8 g5 52.Ne3 bxc3 53.bxc3 Qa2+ 54.Kf3 Qf7+ 55.Nf5+ Kh7 56.Qxa6 Qd7 57.Qc4 Qe8
58.d4 cxd4 59.cxd4 Bf6 60.Qc7+ Kh8 61.Qxd6 Qf7 62.d5 Kh7 63.e5 Bg7 64.Ke4 g4
65.hxg4 hxg4 66.e6 Qh5 67.Nxg7 Qh1+ 68.Kf5 g3 69.Qxg3 Qxd5+ 70.Kf6 Qd8+ 71.e7 Qd4+
72.Qe5 Qh4+ 73.Kf7 Qc4+ 74.Ne6  1-0

[Event "TCh-FIN"]
[Site "Finland FIN"]
[Date "2008.09.06"]
[Round "1"]
[White "Saastamoinen,A"]
[Black "Paakkonen,T"]
[Result "1/2-1/2"]
[WhiteElo "2180"]
[BlackElo "2275"]

1.e4 c5 2.Nc3 Nc6 3.Nge2 Nf6 4.d4 cxd4 5.Nxd4 d6 6.Bg5 e6 7.Qd2 a6 8.f3 Bd7
9.Nxc6 Bxc6 10.O-O-O Be7 11.Kb1 O-O 12.g4 b5 13.h4 d5 14.Qe1 Re8 15.e5 Nd7
16.Bxe7 Qxe7  1/2-1/2

[Event "5th LGA Premium Cup"]
[Site "Nuernberg GER"]
[Date "2008.09.06"]
[Round "4"]
[White "Bachmann,Ax"]
[Black "Schuetz,G"]
[Result "1-0"]
[WhiteElo "2511"]
[BlackElo "2248"]

1.e4 c5 2.Nc3 Nc6 3.Bb5 g6 4.Bxc6 dxc6 5.d3 Bg7 6.Be3 b6 7.f4 e5 8.Nf3 Bg4
9.h3 Bxf3 10.Qxf3 Qc7 11.O-O Ne7 12.fxe5 O-O 13.Bf4 Bxe5 14.Bh6 Bg7 15.Bxg7 Kxg7
16.Qf6+ Kg8 17.Rf2 Rae8 18.Raf1 Nc8 19.Nd1 Qd6 20.Ne3 Qxf6 21.Rxf6 Re6 22.Nc4 Kg7
23.e5 Re7 24.Rxc6 b5 25.Nd6 Nxd6 26.exd6 Re5 27.c4 Re3 28.Rxc5 Rxd3 29.Rxb5 Rxd6
30.Rb7 Ra6 31.a3 Rb6 32.Rxb6 axb6 33.Rd1 Rb8 34.Rd6 Kf8 35.Rc6 Ke7 36.b4 Ra8
37.Rxb6 Rxa3 38.c5 Rc3 39.c6 Kd6 40.b5 Ke5 41.Rb7 f5 42.c7 f4 43.b6 f3 44.Rb8  1-0

[Event "TCh-ESP Hon Gp2"]
[Site "Sabadell ESP"]
[Date "2008.09.06"]
[Round "4"]
[White "Ibarra Jerez,JC"]
[Black "Gomez Jurado,L"]
[Result "1-0"]
[WhiteElo "2496"]
[BlackElo "2299"]

1.e4 c5 2.Nf3 Nc6 3.Nc3 Nf6 4.Bb5 Qc7 5.O-O Nd4 6.Re1 a6 7.Bf1 Nxf3+ 8.Qxf3 e5
9.Nd5 Nxd5 10.exd5 d6 11.c3 Be7 12.d4 O-O 13.Qg3 f6 14.Bd3 c4 15.Bc2 Rf7
16.h4 Bd7 17.h5 f5 18.dxe5 dxe5 19.Rxe5 Bd6 20.Bf4 Bxe5 21.Bxe5 Qc5 22.Rd1 Re8
23.Rd4 Qb6 24.b4 Qh6 25.f4 Qxh5 26.Bd1 Qh6 27.Rxc4 b5 28.Rc5 Ra8 29.Bf3 Qb6
30.Qf2 Qh6 31.d6 Re8 32.Bd5 Be6 33.Bc6 Rd8 34.a4 bxa4 35.Bxa4 Qh5 36.Qe1 g5
37.Bd4 Rxd6 38.Qe5  1-0